Právní praxe v podnikání Měsíčník Komory komerčních právníků České republiky

Gespeichert in:
Bibliographische Detailangaben
Format: Schriftenreihe
Sprache:Tschechisch
Veröffentlicht: Praha Komora komerčních právníků ČR 1993
Tags: Tag hinzufügen
Keine Tags, Fügen Sie das erste Tag hinzu!

MARC

LEADER 00000nas2a2200000 4500
001 s013966
005 20250724082347.2
022 |a 1210-4043 
041 0 |a cze 
044 |a CZ 
245 1 0 |a Právní praxe v podnikání  |b Měsíčník Komory komerčních právníků České republiky 
264 1 |a Praha  |b Komora komerčních právníků ČR  |c 1993 
300 |a 2 zv.